Word Ladder: $$$$ is Money Quiz Stats

 Plays Quiz Updated Apr 9, 2015

Challenge
Share
Tweet
Embed
Score 0/40 Timer 04:00
2 Plays Today
Clue 4-Letter Word % Correct
Sole survivor; ____ man standingLAST
94.6%
Winnie-the-____POOH
94.1%
Library itemBOOK
93.9%
Borrowed $$$$LOAN
93.9%
Famous JaggerMICK
93.8%
It beats scissorsROCK
93.6%
Sofia Coppola Film: ____ in TranslationLOST
93.3%
Common rodentsMICE
93.2%
Yahtzee equipmentDICE
92.6%
Most widely consumed grainRICE
92.5%
Horizontal or vertical chess moverROOK
92.1%
The Wanted song: 'Glad You ____'CAME
92%
R&B singer ____ JamesRICK
92%
Paper $$$$CASH
91.2%
Pirate $$$$LOOT
90.7%
Flat round $$$$COIN
90.6%
Strike with a whipLASH
89.8%
Like one with lots of $$$$RICH
89.8%
Partner with groanMOAN
89.7%
Carbon fireplace byproductSOOT
89.4%
Clue 4-Letter Word % Correct
Wingless hair parasitic insectsLICE
89%
Winter apparelCOAT
89%
$$$$ With F.D.R.'s imageDIME
88.9%
Titled womanDAME
88.6%
WatercraftBOAT
88.5%
ImminentlySOON
87.7%
Like one with little $$$$POOR
87.7%
Kenobi: That's no ____. It's a space station.MOON
86.7%
Luxurious, upper-classPOSH
85.3%
____ Western Reserve UniversityCASE
85.2%
Fence supporterPOST
84.6%
Clod, goon, brute, or buffoonBOOR
83.8%
Term for 'under the belt'LOIN
83.2%
WarthogBOAR
81.3%
$$$$ for a goodCOST
80.6%
Undead sorcerer (Adventure Time antagonist)LICH
78.3%
2013 Katy Perry hitROAR
73.3%
KeisterREAR
60%
Brazilian $$$$REAL
39.1%
Iranian $$$$RIAL
31.6%

Today's Daily Dose

Missing Word
Entertainment 'L'

Word Ladder
Fingers

Quick Pick
When in Rome

On This Day
December 15th II

You're not logged in!

Compare scores with friends on all Sporcle quizzes.
OR
Log In

You Might Also Like...

Show Comments

Extras

Top Quizzes Today


Score Distribution

Your Account Isn't Verified!

In order to create a playlist on Sporcle, you need to verify the email address you used during registration. Go to your Sporcle Settings to finish the process.

Report this User

Report this user for behavior that violates our Community Guidelines.

Details: